<?xml version="1.0" encoding="UTF-8"?><?xml-stylesheet type="text/xsl" href="static/style.xsl"?><OAI-PMH xmlns="http://www.openarchives.org/OAI/2.0/" xmlns:xsi="http://www.w3.org/2001/XMLSchema-instance" xsi:schemaLocation="http://www.openarchives.org/OAI/2.0/ http://www.openarchives.org/OAI/2.0/OAI-PMH.xsd"><responseDate>2026-04-13T01:24:30Z</responseDate><request verb="GetRecord" identifier="oai:www.recercat.cat:2072/476936" metadataPrefix="marc">https://recercat.cat/oai/request</request><GetRecord><record><header><identifier>oai:recercat.cat:2072/476936</identifier><datestamp>2024-11-04T08:18:45Z</datestamp><setSpec>com_2072_98</setSpec><setSpec>col_2072_378192</setSpec></header><metadata><record xmlns="http://www.loc.gov/MARC21/slim" xmlns:dcterms="http://purl.org/dc/terms/" xmlns:xsi="http://www.w3.org/2001/XMLSchema-instance" xmlns:doc="http://www.lyncode.com/xoai" xsi:schemaLocation="http://www.loc.gov/MARC21/slim http://www.loc.gov/standards/marcxml/schema/MARC21slim.xsd">
   <leader>00925njm 22002777a 4500</leader>
   <datafield ind2=" " ind1=" " tag="042">
      <subfield code="a">dc</subfield>
   </datafield>
   <datafield ind2=" " ind1=" " tag="720">
      <subfield code="a">Baucells i Lladós, Joan</subfield>
      <subfield code="e">author</subfield>
   </datafield>
   <datafield ind2=" " ind1=" " tag="260">
      <subfield code="c">2024</subfield>
   </datafield>
   <datafield ind2=" " ind1=" " tag="520">
      <subfield code="a">Siguiendo el símil de una enfermedad, partimos de los problemas de aplicación del derecho penal ambiental en España y del diagnóstico realizado por los instrumentos de la Unión Europea para centrarnos a analizar si el tratamiento propuesto por la nueva Directiva de protección del medio ambiente mediante el derecho penal puede remediar el problema. La investigación concluye que la clave de la aplicación más eficaz del delito ecológico en Europa no vendrá de las propuestas de armonización de infracciones y sanciones (Law), sino del resto de las propuestas que la Directiva realiza a nivel político criminal (Policy). Fundamentalmente, de una reforma integral del derecho ambiental que -alineado con un concepto de crecimiento económico sostenible- rebaje los niveles de tolerancia legal, administrativa y judicial hacía las actividades contaminantes.</subfield>
   </datafield>
   <datafield ind2=" " ind1=" " tag="520">
      <subfield code="a">Seguint el símil d'una malaltia, partim dels problemes d'aplicació del dret penal ambiental a Espanya i del diagnòstic realitzat pels instruments de la Unió Europea per centrar-nos a analitzar si el tractament proposat per la nova Directiva de protecció del medi ambient mitjançant el dret penal pot posar remei al problema. La investigació conclou que la clau de l'aplicació més eficaç del delicte ecològic a Europa no vindrà de les propostes d'harmonització d'infraccions i sancions (Law), sinó de la resta de propostes que la Directiva realitza a nivell políticocriminal (Policy). Fonamentalment, d'una reforma integral del dret ambiental que -alineat amb un concepte de creixement econòmic sostenible- rebaixi els nivells de tolerància legal, administrativa i judicial cap a les activitats contaminants.</subfield>
   </datafield>
   <datafield ind2=" " ind1=" " tag="520">
      <subfield code="a">Following the simile of a disease, we start from the problems of application of environmental criminal law in Spain and the diagnosis carried out by the instruments of the European Union to focus on analyzing whether the treatment proposed by the new Directive on the protection of the environment through criminal law can remedy the problem. The research concludes that the key to the most effective application of ecological crime in Europe will not come from the proposals for harmonization of infractions and sanctions (Law), but from the rest of the proposals that the Directive makes at the criminal policy level (Policy). Fundamentally, a comprehensive reform of environmental law that - aligned with a concept of sustainable economic growth - lowers the levels of legal, administrative and judicial tolerance towards polluting activities.</subfield>
   </datafield>
   <datafield ind1="8" ind2=" " tag="024">
      <subfield code="a">http://hdl.handle.net/2072/476936</subfield>
   </datafield>
   <datafield tag="653" ind2=" " ind1=" ">
      <subfield code="a">Derecho penal</subfield>
   </datafield>
   <datafield tag="653" ind2=" " ind1=" ">
      <subfield code="a">Derecho europeo</subfield>
   </datafield>
   <datafield tag="653" ind2=" " ind1=" ">
      <subfield code="a">Directiva</subfield>
   </datafield>
   <datafield tag="653" ind2=" " ind1=" ">
      <subfield code="a">Criminal law</subfield>
   </datafield>
   <datafield tag="653" ind2=" " ind1=" ">
      <subfield code="a">Directive</subfield>
   </datafield>
   <datafield tag="653" ind2=" " ind1=" ">
      <subfield code="a">European criminal law</subfield>
   </datafield>
   <datafield tag="653" ind2=" " ind1=" ">
      <subfield code="a">Environment</subfield>
   </datafield>
   <datafield tag="653" ind2=" " ind1=" ">
      <subfield code="a">ODS 8: Trabajo decente y crecimiento económico</subfield>
   </datafield>
   <datafield tag="653" ind2=" " ind1=" ">
      <subfield code="a">ODS 16: Paz, justicia e instituciones sólidas</subfield>
   </datafield>
   <datafield ind2="0" ind1="0" tag="245">
      <subfield code="a">¿Nuevas perspectivas para el delito ecológico en España? : a propósito de la nueva directiva relativa a la protección del medio ambiente mediante el derecho penal y por la que se sustituye la directiva 2008/99/CE</subfield>
   </datafield>
</record></metadata></record></GetRecord></OAI-PMH>